Länder mit 2 N+ im Namen - Statistiken

Allgemein
  • Dieses Quiz wurde 241 mal gespielt
  • Das Durchschnittsergebnis liegt bei 28 aus 42
Antwortstatistiken
Hint Antwort % Korrekt
Vereinigtes Königreich
90%
ab 3 N Argentinien
89%
Finnland
89%
Vereinigte Staaten
86%
Neuseeland
84%
Norwegen
84%
Niederlande
83%
Indonesien
81%
Spanien
81%
Griechenland
76%
Indien
76%
Albanien
74%
Armenien
71%
Bosnien und Herzegowina
71%
Slowenien
71%
2 N Afghanistan
69%
Nordmazedonien
69%
Jordanien
66%
Liechtenstein
66%
Tunesien
66%
Rumänien
64%
St. Vincent und die Grenadinen
64%
Turkmenistan
64%
Montenegro
63%
San Marino
63%
Philippinen
62%
Dominikanische Republik
61%
Föderierte Staaten von Mikronesien
61%
Ungarn
61%
Libanon
59%
Mauretanien
59%
Papua-Neuguinea
57%
Tansania
57%
Zentralafrikanische Republik
56%
Elfenbeinküste
55%
St. Kitts und Nevis
55%
Trinidad und Tobago
54%
Antigua und Barbuda
51%
Benin
49%
Salomonen
49%
Marshallinseln
46%
Sao Tome und Principe
31%
Keine übereinstimmenden Quizze gefunden
Verteilung der Resultate
Anzahl Personen mit jedem Resultat
Perzentil nach korrekt beantworteten Fragen
Ihre Resultats-Entwicklung
Sie haben dieses Quiz noch nicht gespielt